00572nam a2200169Ia 4500008004100000020001800041041000800059082001700067100001700084245006100101250000600162260006100168300001400229650001400243999001900257952012600276210716s2006 xx 000 0 und d a9780070583375 aeng a658.812 SHAS aShajahan, S. aRelationship marketing: text and cases.btext and cases. a1 aNew DelhibTata McGraw Hill Publishing Company Ltdc2006 axviii,310 aMarketing c202165d202165 001040708MBAaAIMITbAIMITd2008-02-08g325.00l0o658.812 SHASpMBA04731r2026-05-23 00:00:00v260.00w2021-07-16yBK